| 000 | 01358cam a22002775a 4500 | ||
|---|---|---|---|
| 999 |
_c27294 _d27265 |
||
| 001 | 13677429 | ||
| 005 | 20190325132511.0 | ||
| 008 | 040804t2005 nyua frb 001 0 eng d | ||
| 010 | _a 2004018214 | ||
| 020 | _a0879697083 (manual : alk. paper) | ||
| 040 |
_aDLC _beng _cDLC _dDLC _dEG-ScBUE |
||
| 082 | 0 | 4 |
_a610.78 _bBAR _222 |
| 100 | 1 |
_aBarker, Kathy, _d1953- |
|
| 245 | 1 | 0 |
_aAt the bench : _ba laboratory navigator / _cKathy Barker. |
| 250 | _aUpdated ed. | ||
| 260 |
_aCold Spring Harbor, N.Y. : _bCold Spring Harbor Laboratory Press, _cc.2005. |
||
| 300 |
_axiv, 465 p. : _bill. ; _c26 cm. |
||
| 504 | _aIncludes bibliographical references (p. 453) and index. | ||
| 505 | 0 | _aGeneral lab organization and procedures -- Laboratory setup and equipment -- Getting started and staying organized -- How to set up an experiment -- Laboratory notebooks -- Presenting yourself and your data -- Making reagents and buffers -- Storage and disposal -- Working without contamination -- Eukaryotic cell culture -- Bacteria -- DNA, RNA, and protein -- Radioactivity -- Centrifugation -- Electrophoresis -- Microscopy. | |
| 650 | 7 |
_aMedical sciences _vLaboratory manuals. _2BUEsh |
|
| 651 | _2BUEsh | ||
| 653 |
_bPPhrm _cMarch2019 |
||
| 655 | _vReading book | ||
| 856 | 4 | 1 |
_3Table of contents _uhttp://www.loc.gov/catdir/toc/ecip0421/2004018214.html |
| 942 | _2ddc | ||